SHAZAM (Marvel Family and Black Adam) Quiz Stats

 Plays Quiz not verified by Sporcle

Also try: Which Witch?
Challenge
Share
Tweet
Embed
Score 0/24 Timer 05:00
0 Plays Today
Character Deity/Trait % Correct
Captain MarvelZeus
95.6%
Captain MarvelHercules
93.3%
Captain MarvelMercury
87.4%
Captain MarvelSolomon
84.4%
Captain MarvelAtlas
77%
Captain MarvelAchilles
72.6%
Mary MarvelAriadne or Artemis
40%
Mary MarvelMinerva
30.4%
Black AdamShu
28.9%
Mary MarvelHippolyta
25.9%
Black AdamHeru (Horus) or Hershef
23.7%
Mary MarvelSelena
23%
Character Deity/Trait % Correct
Black AdamAmon (Amun)
22.2%
Black AdamZehuti (Thoth)
20.7%
Black AdamAton (Aten) or Anpu
18.5%
Mary MarvelZephyrus
17.8%
Black AdamMehen or Menthu
16.3%
Mary MarvelAurora
16.3%
Hoppy The Marvel BunnyAntlers
14.1%
Hoppy The Marvel BunnySalamander
13.3%
Hoppy The Marvel BunnyMonkury
12.6%
Hoppy The Marvel BunnyZebreus
8.1%
Hoppy The Marvel BunnyHogules
6.7%
Hoppy The Marvel BunnyAbalone
6.7%

You're not logged in!

Compare scores with friends on all Sporcle quizzes.
OR
Log In

You Might Also Like...

Show Comments

Extras

Top Quizzes Today


Score Distribution

Your Account Isn't Verified!

In order to create a playlist on Sporcle, you need to verify the email address you used during registration. Go to your Sporcle Settings to finish the process.

Report this User

Report this user for behavior that violates our Community Guidelines.

Details: